| 000 | 00834nam a2200229 i 4500 | ||
|---|---|---|---|
| 001 | 17164 | ||
| 003 | ES-MaACL | ||
| 005 | 20230906151521.0 | ||
| 007 | t| | ||
| 008 | 010111s1995 sp a |||| | spa d | ||
| 020 | _a84-87311-07-5 | ||
| 080 | _a255(460.255 Peñalsordo)(091) | ||
| 100 | 1 |
_aGarcía Galán, Alejandro. _954633 |
|
| 245 | 1 | 3 |
_aLa Cofradía de Nuestra Señora Madre de Dios del Carmen en Peñalsordo (Extremadura) _b: (estudio antropológico) / _cAlejandro García Galán. |
| 260 |
_aMadrid : _bBeturia, _c1995. |
||
| 300 |
_a33 p. : _bil. ; _c21 cm. |
||
| 490 | 1 |
_aLos cuadernos de Beturia ; _v2 |
|
| 610 | 2 | 7 |
_aLa Cofrafía de Nuestra Señora Madre de Dios del Carmen (Peñalsordo)- _vHistoria. _95453 |
| 830 | 0 |
_aLos cuadernos de Beturia ; _v2 _9182471 |
|
| 852 |
_aES-MaACL _j2161-F-2 |
||
| 999 |
_c17164 _d17164 |
||